| 000 | 00833nam a22002295i 4500 | ||
|---|---|---|---|
| 001 | 164845 | ||
| 003 | ES-MaACL | ||
| 005 | 20250816085943.0 | ||
| 008 | 000728s1864 fr |||| | fre d | ||
| 040 |
_aCCPB | B _bspa _cCCPB | B |
||
| 100 | 1 |
_aSauzay, A. _9132512 |
|
| 245 | 1 | 0 |
_aNotice des bois sculptés, terres cuites marbres, albatres, grès, miniatures peintes, miniatures en cire et objets divers / _cpar A. Sauzay. |
| 260 |
_aParis : _b[s.n.], _c1864 ( _fCharles de Mourgues frères) |
||
| 300 |
_aXI, 12-180 p. ; _c19 cm. |
||
| 594 | 1 | _aPrecede al tít.: Musée de la Renaissance. Serie B. | |
| 650 | 7 |
_aEscultura _2embne _912417 |
|
| 650 | 4 |
_aCerámicas. _9135758 |
|
| 650 | 4 |
_aMiniaturas. _9136510 |
|
| 752 |
_aFrancia - _dParís |
||
| 852 |
_aES-MaACL _jD-1792 _z-- Enc. hol. |
||
| 999 |
_c164845 _d164845 |
||